Exhibition techniques (Record no. 20433)

MARC details
000 -LEADER
fixed length control field 00265nam a2200109Ia 4500
082 ## - DEWEY DECIMAL CLASSIFICATION NUMBER
Classification number 061 H
Item number CAR
100 ## - MAIN ENTRY--AUTHOR NAME
Personal name Carmel, James H
245 #0 - TITLE STATEMENT
Title Exhibition techniques
260 ## - PUBLICATION, DISTRIBUTION, ETC. (IMPRINT)
Place of publication New York
Name of publisher Reinhold
Year of publication 1963
942 ## - ADDED ENTRY ELEMENTS (KOHA)
Koha item type Books
Holdings
Withdrawn status Lost status Damaged status Not for loan Home library Current library Date acquired Cost, normal purchase price Full call number Accession Number Koha item type
        RRII Library RRII Library 16/12/2021 15.00 061 H CAR 01159 Books